Statistics for 100 Questions about Russia

Click here to take the quiz!

General Stats

  • This quiz has been taken 457 times
  • The average score is 62 of 100

Answer Stats

HintAnswer% Correct
CapitalMoscow
99%
Colors on their flagRed
97%
2nd-biggest citySt. Petersburg
97%
Current presidentVladimir Putin
97%
Colors on their flagWhite
97%
Colors on their flagBlue
96%
Its leader 1922-1953Joseph Stalin
95%
Its first leaderVladimir Lenin
95%
Very popular alcoholic drinkVodka
95%
Its abbreviationU.S.S.R.
93%
Vast Eastern region, sparsely populatedSiberia
92%
Residence of the PresidentKremlin
91%
Longest river in EuropeVolga
91%
^ is on which Sea?{Black} Sea
90%
Peninsula annexed in 2014Crimea
89%
Form of christianity popular in Eastern EuropeOrthodoxy
89%
The 'terrible' leaderIvan the Terrible
88%
Its ideologyCommunism
87%
^ was member of this security agencyKGB
87%
The two 'great' leaders{Peter} the Great
85%
Title used for leaders, derived from CaesarTsar
85%
Its former nameLeningrad
84%
First satellite in spaceSputnik 1
84%
Mountainous borders between Europe and AsiaUral
84%
This peninsula was part of this country before 2014Ukraine
83%
First human in spaceYuri Gagarin
82%
Labor camp systemGulag
81%
Last emperor of RussiaNicholas II.
81%
2014 Winter Olympics locationSochi
81%
^ flows into this Sea{Caspian} Sea
78%
Other word for ^, meaning "grandmother"Babushka
77%
The two 'great' leaders{Catherine} the Great
77%
Mr. .... , tear down this wall!Mikhail Gorbachev
77%
Russia, officiallyRussian Federation
77%
Longest railway line in the world{Trans-Siberian} Railway
77%
Biggest port on the PacificVladivostok
77%
Former name of VolgogradStalingrad
76%
Writer regarded as one of the greatest authors, War and PeaceLeo Tolstoy
75%
Martial art practiced by himJudo
74%
Socialist state, predecessor of RussiaSoviet Union
74%
First presidentBoris Yeltsin
73%
This revolution was led by the ....Bolsheviks
71%
The two biggest Russian lakesLake Baikal
71%
Writing system used in RussiaCyrillic
67%
Name the three longest rivers of RussiaOb
67%
Revolution in Russia in 1917{October} Revolution
67%
Christmas ballet by TchaikovskyThe Nutcracker
66%
Year of Russia's last independence1991
64%
Mountainous borders between Europe and AsiaCaucasus
64%
Video game with the goal to drop blocks down to make linesTetris
64%
He was the leader during the Cuban Missile CrisisNikita Khrushchev
63%
What Russia held in 2018FIFA World Cup
62%
First animal to orbit the EarthLaika
62%
World-famous church in the capitalSaint Basil's Cathedral
62%
President 2008-2012Dmitry Medvedev
59%
Highest mountain of RussiaElbrus
58%
Russian novelist, Crime and Punishment, The IdiotFyodor Dostoyevsky
58%
Peninsula in the Far EastKamchatka
58%
Lower house of the Federal AssemblyState Duma
58%
Caucasian region which has tried to leave RussiaChechnya
57%
The country's name in RussianRossiya / Россия
55%
Russia's largest islandSakhalin
55%
Peasant and faith healerGrigori Rasputin
54%
Famous firearm also known as 'AK-47'Kalashnikov
54%
Type of administrative division in RussiaOblast
54%
Jeweled eggFabergé
53%
This separates ^ from the President's residenceRed Square
53%
Typical Russian stringed musical instrumentBalalaika
52%
Brand of cars, popular in Eastern EuropeLada
51%
Largest city north of the Arctic CircleMurmansk
51%
Holiday celebrated on 9 MayVictory Day
50%
Museum of art und culture, Winter Palace buildingHermitage
49%
Popular sour soupBorscht
48%
Words often used by ^, publicity and reformationperestroika
47%
Words often used by ^, publicity and reformationglasnost
46%
Name the three longest rivers of RussiaLena
46%
Form of power where a few people have much powerOligarchy
46%
Space station that operated 1986-2001MIR
43%
Large company focused on production, transport and sale of oil and gasGazprom
42%
Best-paid female athleteMaria Sharapova
42%
Name the three longest rivers of RussiaYenisey
40%
Set of wooden dolls that can be placed inside anotherMatryoshka
37%
The two biggest Russian lakesLake Ladoga
36%
City formerly known as GorkyNizhny Novgorod
36%
Archipelago claimed by Japan und RussiaKuril Islands
34%
City in Western Russia or 2000 submarine disasterKursk
34%
Term used in Russia for the period from 22 June 1941 to 9 May 1945Great Patriotic War
27%
Ring of cities around MoscowGolden Ring
24%
Loose federation of tribes, 882-1240Kievan Rus
24%
Biggest city on the abovePetropavlovsk-Kamchatsky
24%
Industrial city in the very north closed to all non-Russians (except for Belarusians)Norilsk
23%
One of the best hockey leagues in the worldKHL
21%
Archipelago where the Tsar Bomba was testedNovaya Zemlya
21%
Famous Russian ice hockey player, currently playing in the U.S. for the Washington CapitalsAlexander Ovechkin
20%
Peninsula which forms the easternmost part of AsiaChukchi
19%
Upper house of the Federal AssemblyFederation Council
14%
Town with temperature extremes, 35°C in summer, -65°C in winterOymyakon
12%
The last island where mammoths livedWrangel
12%
Peninsula which forms the northernmost part of EurasiaTaymyr
10%
Bronze monument which shows 1,000 years of Russian historyMillennium of Russia
8%

Score Distribution

Percentile by Number Answered

Percent of People with Each Score

Your Score History

You have not taken this quiz